| 000 | 01175cam a2200337I 4500 | ||
|---|---|---|---|
| 001 | 29784 | ||
| 003 | BD-RjUL | ||
| 005 | 20211209051447.0 | ||
| 008 | 140407t1947 nyuaff b 001 0 eng d | ||
| 035 | _a(OCoLC)ocm00761856 | ||
| 035 | _a(BD-RjUL)29869 | ||
| 040 |
_aDLC _cCSU _dSER _dUBA _dOCLCQ _dZCU _dBD-RjUL _beng |
||
| 041 | _aeng | ||
| 082 | 0 | 4 |
_a132 _bLOC 1947 |
| 099 |
_a616.82 _aL89a |
||
| 100 | 1 |
_aLouttit, C. M. _q(Chauncey McKinley), _d1901-1956. _990673 |
|
| 245 | 1 | 0 |
_aClinical psychology of children's behavior problems / _cby C.M. Louttit ... |
| 250 | _aRev. ed. | ||
| 260 |
_aNew York ; _aLondon : _bHarper & Brothers, _cc1947. |
||
| 300 |
_axviii, 661 p. : _bill. ; _c21 cm. |
||
| 500 | _a"Under the editorship of Gardner Murphy." | ||
| 500 | _aFirst edition has title: Clinical psychology; a handbook of children's behavior problems. | ||
| 504 | _aincludes index. | ||
| 650 | 0 |
_aExceptional children. _916763 |
|
| 650 | 0 |
_aClinical psychology. _990674 |
|
| 650 | 7 |
_aDisturbios Do Comportamento. _2larpcal _990675 |
|
| 700 | 1 |
_aMurphy, Gardner, _d1895-1979, _eeditor. _95499 |
|
| 942 |
_2ddc _cBK |
||
| 999 |
_c29784 _d29784 |
||